Central Library OPAC University of Rajshahi

The Soviet Union : the land and its people / (Record no. 21714)

MARC details
000 -LEADER
fixed length control field 01040cam a22003011 4500
001 - CONTROL NUMBER
control field 21714
003 - CONTROL NUMBER IDENTIFIER
rucl marc code BD-RjUL
005 - DATE AND TIME OF LATEST TRANSACTION
control field 20211209000723.0
008 - FIXED-LENGTH DATA ELEMENTS--GENERAL INFORMATION
fixed length control field 140305s1967 enkabf 001 0 eng d
035 ## - SYSTEM CONTROL NUMBER
System control number (BD-RjUL)21779
System control number (OCoLC)13648393
040 ## - CATALOGING SOURCE
Original cataloging agency DLC
Transcribing agency OCU
Modifying agency DLC
-- BD-RjUL
Language of cataloging eng
041 ## - LANGUAGE CODE
Language code of text/sound track or separate title eng
082 00 - DEWEY DECIMAL CLASSIFICATION NUMBER
Classification number 914.7
Author mark and year JOS 1967
100 1# - MAIN ENTRY--PERSONAL NAME
Personal name Jorré, Georges,
Dates associated with a name 1899-1957.
9 (RLIN) 67061
245 14 - TITLE STATEMENT
Title The Soviet Union : the land and its people /
Statement of responsibility, etc. with an introduction by A. Perpillou translated [from the French] by E. D. Laborde.
250 ## - EDITION STATEMENT
Edition statement 3rd edition
260 ## - PUBLICATION, DISTRIBUTION, ETC. (IMPRINT)
Place of publication, distribution, etc. London :
Name of publisher, distributor, etc. Longmans ,
Date of publication, distribution, etc. 1967
300 ## - PHYSICAL DESCRIPTION
Pagination xxvi, 379 p. :
Illustrations front., 16 plates, maps, tables, diagrs. ;
Size 23 cm.
500 ## - GENERAL NOTE
General note Translation of L'U.R.S.S., la terre et les hommes.
504 ## - BIBLIOGRAPHY, ETC. NOTE
Bibliography, etc Includes Index
651 #0 - SUBJECT ADDED ENTRY--GEOGRAPHIC NAME
Geographic name Soviet Union
General subdivision Historical geography.
9 (RLIN) 66699
Geographic name Soviet Union
General subdivision Economic conditions.
9 (RLIN) 67062
942 ## - ADDED ENTRY ELEMENTS (KOHA)
Source of classification or shelving scheme Dewey Decimal Classification
Koha item type Books
Holdings
Lost status Source of classification or shelving scheme Damaged status Not for loan Collection code Permanent Location Current Location Shelving location Date acquired Source of acquisition Cost, normal purchase price Total Checkouts Full call number Date last seen Copy number Koha item type
  Dewey Decimal Classification     Non-fiction Central Library, University of Rajshahi Central Library, University of Rajshahi   27/08/1968 Zeittinger 52.60   914.7 JOS 1967 05/03/2014 C-8 Books